000
00230nam a2200097 a 4500
005
20200930070854.0
008
110928s1995 000 spa d
245
0
_a
convergencia.
260
_a
Santo Domingo,
_c
1995.
999
_c
33702
_d
33702
040
_a
DO-SdBNP